|
|
|
|
| LEADER |
01189nam a2200373 a 4500 |
| 001 |
000385661 |
| 003 |
CZ BrMZK |
| 005 |
20210321121714.0 |
| 007 |
ta |
| 008 |
980115s1998 xr e f 0 cze d |
| 015 |
|
|
|a cnb000602075
|
| 020 |
|
|
|a 80-902469-4-X
|
| 035 |
|
|
|a (OCoLC)41372323
|
| 040 |
|
|
|a BOA001
|b cze
|
| 043 |
|
|
|a e-xr---
|
| 072 |
|
7 |
|a 59
|x Zoologie
|2 Konspekt
|9 2
|
| 080 |
|
|
|a 594-19(204)
|2 MRF
|
| 080 |
|
|
|a 591.9
|2 MRF
|
| 080 |
|
|
|a (437.3)
|2 MRF
|
| 080 |
|
|
|a (035)
|2 MRF
|
| 100 |
1 |
|
|a Beran, Luboš
|7 xx0002621
|4 aut
|
| 245 |
1 |
0 |
|a Vodní měkkýši ČR /
|c Luboš Beran
|
| 250 |
|
|
|a Vyd. 1.
|
| 260 |
|
|
|a Vlašim :
|b ZO ČSOP Vlašim,
|c 1998
|
| 300 |
|
|
|a 113 s. :
|b il. ;
|c 21 cm +
|e [1] volná příloha.
|
| 490 |
1 |
|
|a Metodika Českého svazu ochránců přírody ;
|v č. 17
|
| 500 |
|
|
|a Bibliogr.
|
| 650 |
0 |
7 |
|a vodní měkkýši
|7 ph116604
|z Česko
|2 czenas
|
| 650 |
0 |
7 |
|a fauna
|7 ph114529
|z Česko
|2 czenas
|
| 655 |
|
7 |
|a příručky
|7 fd133209
|2 czenas
|
| 830 |
|
0 |
|a Metodika Českého svazu ochránců přírody
|
| 910 |
|
|
|a BOA001
|b 2-1054.082
|
| 990 |
|
|
|a BK
|
| 996 |
6 |
|
|b 2610084343
|c 2-1054.082
|l MZK
|r Sklad / do 1 hodiny
|n 12
|p p.v.
|w 000385661
|u 000010
|a 1
|e BOA001
|j MZK50
|s P
|